El monaguillo : (Record no. 128344)

MARC details
000 -LEADER
campo de control de longitud fija 00676nam a2200205 i 4500
001 - NÚMERO DE CONTROL
campo de control 128344
003 - IDENTIFICADOR DE NÚMERO DE CONTROL
campo de control ES-MaACL
005 - FECHA Y HORA DE LA ÚLTIMA TRANSACCIÓN
campo de control 20230906193237.0
007 - CAMPO FIJO DE DESCRIPCIÓN FÍSICA--INFORMACIÓN GENERAL
campo de control de longitud fija t|
008 - DATOS DE LONGITUD FIJA--INFORMACIÓN GENERAL
campo de control de longitud fija 070702s1887 sp ||||1| spa d
080 ## - NÚMERO DE LA CLASIFICACIÓN DECIMAL UNIVERSAL
Número de la Clasificación Decimal Universal 821.134.2-31"18"
100 1# - ENTRADA PRINCIPAL--NOMBRE DE PERSONA
Nombre de persona García Vao, Antonio R.
9 (RLIN) 55370
245 13 - MENCIÓN DEL TÍTULO
Título El monaguillo :
Resto del título (obra póstuma) /
Mención de responsabilidad, etc. Antonio R. García-Vao ; con un prólogo de José Francos Rodríguez.
260 ## - PUBLICACIÓN, DISTRIBUCIÓN, ETC.
Lugar de publicación, distribución, etc. Madrid :
Nombre del editor, distribuidor, etc. [s.n.,
Fecha de publicación, distribución, etc. ca. 1887] (
Fabricante Imp. de G. Osler)
300 ## - DESCRIPCIÓN FÍSICA
Extensión 89 p. ;
Dimensiones 18 cm.
596 ## - NOTA AL PIE DE IMPRENTA
NOTA AL PIE DE IMPRENTA Fecha tomada del prólogo.
700 1# - ENTRADA AGREGADA--NOMBRE PERSONAL
Nombre de persona Francos Rodríguez, José,
Fechas asociadas al nombre 1862-1931
9 (RLIN) 52286
852 ## - LOCALIZACIÓN
Ubicación ES-MaACL
Número de control de estantería Fol-Laf-525
Holdings
Estatus retirado Estado de pérdida Estado de daño No para préstamo Colección Biblioteca de origen Biblioteca actual Ubicación en estantería Fecha de adquisición Fuente de adquisición Total de préstamos Signatura topográfica completa Código de barras Visto por última vez Precio de reemplazo Tipo de ítem Koha
        Colección de folletos Biblioteca del Ateneo de Madrid Biblioteca del Ateneo de Madrid Depósito folletos 17/01/2008     Fol-Laf-525 1133672 23/02/2023 23/02/2023 Folleto